| 000 | 00519nam a2200193 a 4500 | ||
|---|---|---|---|
| 005 | 20220915063757.0 | ||
| 008 | 991125s1983 es 000 0 spa u | ||
| 020 | _a8424158822 | ||
| 035 | _aUPN01000055557 | ||
| 049 | _aI | ||
| 050 | 4 |
_aPN3157 _bO8.8 |
|
| 100 | 1 | _aOsorio, José María | |
| 245 | 1 | 0 |
_aTeatro guiñol / _cJosé María Osorio. |
| 260 |
_aMadrid : _bEverest, _c1983. |
||
| 300 |
_a215 p. : _bil. col. |
||
| 440 | 0 | _aFocos y bambalinas | |
| 650 | 7 |
_aTeatro escolar infantil _2 _96353 |
|
| 905 | _aInfantil | ||
| 999 |
_c55557 _d55557 |
||